000 00352nam a2200145Ia 4500
008 210716s1992 xx 000 0 und d
041 _aeng
082 _a620.00420285 GRAR
100 _aGrabowski, Ralph.
245 _aLearn autocad in a day.
250 _a1
260 _aNew Delhi
_bBPB Publications
_c1992
300 _av,144
650 _aAutocad
999 _c182587
_d182587